| 000 | 00544nam a2200181Ia 4500 | ||
|---|---|---|---|
| 999 |
_c17126 _d45124 |
||
| 020 | _a9961-79-205-X | ||
| 037 | _aBC_1393 32/A-B | ||
| 040 |
_aBC-ENSA _bfre |
||
| 041 | _afre | ||
| 110 |
_aOffice national des statistiques _954818 |
||
| 245 | _aRétrospective des comptes économiques de 1963 à 2001 | ||
| 260 |
_bONS _aAlger _c2003 |
||
| 300 |
_bill. _a101 p. _c30 cm |
||
| 562 | _e exemplaire(s) | ||
| 942 | _c09 | ||
| 490 | _a1589 | ||
| 653 | _aPRODUCTION INTERIEURE/COMPTABILITE NATIONALE/REVENU NATIONAL | ||